LEADER 01031nam0-22003251i-450 001 990008094260403321 005 20180730124633.0 010 $a88-14-11607-5 035 $a000809426 035 $aFED01000809426 035 $a(Aleph)000809426FED01 035 $a000809426 100 $a20050420d2004----km-y0itay50------ba 101 0 $aita 102 $aIT 105 $ay-------001yy 200 1 $aJus aedificandi e valori costituzionali$euno studio comparatyistico su alcuni aspetti della problematica in tre ordinamenti de''europa attuale$fGiuseppe Mangione 210 $aMilano$cGiuffrè$d2004 215 $aIX, 394 p.$d25 cm 225 1 $aUniversità degli studi dell'Insubria, Facoltà di giurisprudenza 700 1$aMangione,$bGabriella$0145351 801 0$aIT$bUNINA$gRICA$2UNIMARC 901 $aBK 912 $a990008094260403321 952 $aD.P. XXX/245$b21970$fDEC 952 $aDP XXX-245$fDEC 959 $aDEC 959 $aDEC 996 $aJus aedificandi e valori costituzionali$9753435 997 $aUNINA LEADER 01746nam 2200373Ia 450 001 996388674503316 005 20200824132126.0 035 $a(CKB)1000000000635191 035 $a(EEBO)2240937497 035 $a(OCoLC)ocm33151094e 035 $a(OCoLC)33151094 035 $a(EXLCZ)991000000000635191 100 $a19950918d1551 uy | 101 0 $aeng 135 $aurbn||||a|bb| 200 12$aA proclamacion, set furthe by the Kynges Maiestie, with the aduise of his highnes moste honorable counsaill, for the publishyng of sundery statutes and actes of Parliament heretofore made, for the prohibicion of the cariying out of the realme of gold or siluer, and of eschaunge and reeschaunge$b[electronic resource] 210 $a[London] $cRichardus Grafton typographus Regius excudebat$dMense Iunij. Anno. 1551 215 $a1 sheet ([1] p.) 300 $aContains wood-cut initial. 300 $a"Cum priuilegio ad imprimendum solum." 300 $aReproduction of original in: Society of Antiquaries. 330 $aeebo-0147 606 $aMonetary policy$zEngland 607 $aGreat Britain$xHistory$yEdward VI, 1547-1553 608 $aBroadsides$zLondon (England)$y16th century.$2rbgenr 615 0$aMonetary policy 701 $aEdward$cKing of England,$f1537-1553.$01002269 801 0$bEBK 801 1$bEBK 801 2$bWaOLN 906 $aBOOK 912 $a996388674503316 996 $aA proclamacion, set furthe by the Kynges Maiestie, with the aduise of his highnes moste honorable counsaill, for the publishyng of sundery statutes and actes of Parliament heretofore made, for the prohibicion of the cariying out of the realme of gold or siluer, and of eschaunge and reeschaunge$92349329 997 $aUNISA